Countries that Start with B - Statistics

General Stats
  • This quiz has been taken 65 times
  • The average score is 14 of 17
Answer Stats
Country % Correct
Belgium
95%
Bolivia
89%
Belize
86%
Bahamas
84%
Bangladesh
84%
Bhutan
84%
Brazil
84%
Brunei
84%
Bahrain
82%
Barbados
82%
Bulgaria
82%
Burundi
81%
Benin
77%
Burkina Faso
77%
Botswana
75%
Belarus
72%
Bosnia and Herzegovina
72%
No matching quizzes found
Score Distribution
Percent of People with Each Score
Percentile by Number Answered
Your Score History
You have not taken this quiz